V neistote sa treba istiť poistkou

Neuhradené pohľadávky vážne narúšajú hospodársku rovnováhu každej firmy. Každý obchod nesie v sebe riziko. Existujú možnosti, ako možno tieto riziká výrazne obmedziť a dosiahnuť relatívne vysoký stupeň istoty. Jednou z možností je využitie komerčného poistenia pohľadávok. V súčasnom období finančnej...

Full description

Saved in:
Bibliographic Details
Main Author: Sotník, Alexander
Format: Book Chapter
Language:Slovak
Subjects:
Tags: Add Tag
No Tags, Be the first to tag this record!

MARC

LEADER 00000naa$a2200000$$$4500
001 0094134
005 20231016090000.5
041 0 |a slo 
044 |a SK 
245 1 0 |a V neistote sa treba istiť poistkou  |c Alexander Sotník 
520 |a Neuhradené pohľadávky vážne narúšajú hospodársku rovnováhu každej firmy. Každý obchod nesie v sebe riziko. Existujú možnosti, ako možno tieto riziká výrazne obmedziť a dosiahnuť relatívne vysoký stupeň istoty. Jednou z možností je využitie komerčného poistenia pohľadávok. V súčasnom období finančnej a hospodárskej krízy ich využíva čoraz viac slovenských podnikov. 
610 2 0 |a riziko 
610 2 0 |a podnikanie 
610 2 0 |a pohľadávky 
610 2 0 |a poistenie 
610 2 0 |a kríza hospodárska 
610 2 0 |a kríza finančná 
100 1 |a Sotník, Alexander